| 000 | 00423nam a2200169Ia 4500 | ||
|---|---|---|---|
| 001 | 23078 | ||
| 003 | IN-NITTTR | ||
| 005 | 20251114233259.0 | ||
| 008 | 251113s9999||||xx |||||||||||||| ||eng|| | ||
| 040 | _beng | ||
| 040 | _cIN-NITTTR | ||
| 041 | _aeng | ||
| 082 | _a005.42 B388 S | ||
| 100 | _aBeck, Leland L. | ||
| 245 | 0 |
_aSystem software : _b an introduction to system programming / _cBeck, Leland L. |
|
| 942 |
_2ddc _cBK |
||
| 999 |
_c25707 _d25707 |
||